00529cam a2200157Ia 4500020001500000040000800015082002600023100002000049245004500069260007400114300004000188490003500228650002800263650002000291710006000311 a9251032750 cUMC a333 FOO 1992 C156 Or.1 aClark, John R.,10aIntegrated management of coastal zones / aRome :bFood and Agriculture Organization of the United Nationsc1992 aviii, 167 p. :bill., maps ;c30 cm1 aFAO fisheries technical paper, 0aCoastal zone management 0aCoastal ecology2 aFood and Agriculture Organization of the United Nations